Desarrollo y subdesarrollo de la economía del hambre a la economía del hombre (Registro nro. 71673)

Detalles MARC
000 -ENCABEZADO
Número de control [NR] 00851nam a2200229Ia 4500
005 - FECHA Y HORA DE LA ÚLTIMA TRANSACCIÓN
control field 20240529093504.0
008 - DE LONGITUD FIJA DE DATOS DE ELEMENTOS - INFORMACIÓN GENERAL
Elementos de longitud fija [NR] 130821s1967 pe gr spa
040 ## - FUENTE DE CATALOGACION [NR]
Agencia de catalogación original [NR] Co-BoUCM
Idioma de catalogación [NR] spa
Quien Cataloga David Moreno (modificó)
Quien Clasifica David Moreno (modificó)
041 00 - CODIGO DE IDIOMA [R]
Código de idioma para texto/pista de sonido o título separado [R] Español
100 1# - ASIENTO PRINCIPAL--NOMBRE PERSONAL [NR]
Nombre personal [NR] Bravo Bresani, Jorge
ID Autoridad 168011
245 10 - MENCION DE TITULO [NR]
Título [NR] Desarrollo y subdesarrollo de la economía del hambre a la economía del hombre
Mención de responsabilidad, etc. [NR] Jorge Bravo Bresani
260 ## - PUBLICACION, DISTRIBUCION, ETC. (PIE DE IMPRENTA) [R]
Lugar de publicación, distribución, etc. [R] Lima (Perú)
Nombre del editor, distribuidor, etc. [R] Moncloa
Fecha de publicación, distribución, etc. [R] 1967
300 ## - DESCRIPCION FISICA [R]
Extensión [R] 374 Páginas
490 #0 - MENCION DE SERIE [R]
Mención de serie [R] Toda la realidad.
Designación numérica/secuencial del volumen [NR] 3
Mención de serie [R] Ensayo
500 ## - NOTA GENERAL [R]
Nota general [NR] Donación Dr. Álvaro Daza Roa.
500 ## - NOTA GENERAL [R]
Nota general [NR] Incluye índice.
650 04 - ASIENTO SECUNDARIO DE MATERIA - TERMINO TEMATICO [R]
Término temático o nombre geográfico como elemento de entrada [NR] Consumo (Economía)
9 (RLIN) 11731
650 04 - ASIENTO SECUNDARIO DE MATERIA - TERMINO TEMATICO [R]
Término temático o nombre geográfico como elemento de entrada [NR] Desarrollo económico
9 (RLIN) 438
651 #7 - ASIENTO SECUNDARIO DE MATERIA - NOMBRE GEOGRAFICO [R]
Nombre geográfico [NR] Países en desarrollo
Subdivisión general [R] Aspectos económicos
9 (RLIN) 447
942 ## - ELEMENTOS DE ENTRADA AGREGADOS (KOHA)
Tipo de ítem principal el descrito en 300a Libro
Tema principal Economía
Edición 1
Parte restante de la signatura top. B826d
Sistema de clasificación DEWEY
Clasificación 338.9
Título oculto en OPAC No
Existencias
Fecha de último préstamo Signatura topográfica Código de barras Última vez visto Ejemplar Costo de reposición Price effective from Tipo de ítem Nota pública (OPAC) Perdido Sistema de clasificación Dañado No prestable Tipo de ítem específico Suprimido Ubicación habitual Ubicación actual Localización Fecha de creación Forma de adquisición
25/07/2011 338.9 B826d 100115227 04/12/2025 Ej.1 26000.00 03/02/2013 Libro Galería de donantes - Álvaro Daza Roa   DEWEY     Fondos especiales   Claustro Claustro 3er piso 30/09/2011 Donación